| 000 -LEADER |
| fixed length control field |
01193nam a22003617a 4500 |
| 001 - CONTROL NUMBER |
| control field |
1732291 |
| 003 - CONTROL NUMBER IDENTIFIER |
| control field |
OSt |
| 005 - DATE AND TIME OF LATEST TRANSACTION |
| control field |
20210426103442.0 |
| 008 - FIXED-LENGTH DATA ELEMENTS--GENERAL INFORMATION |
| fixed length control field |
740226r1975 nyu b 001 0 eng |
| 010 ## - LIBRARY OF CONGRESS CONTROL NUMBER |
| LC control number |
74003389 |
| 020 ## - INTERNATIONAL STANDARD BOOK NUMBER |
| International Standard Book Number |
0394710975 |
| 040 ## - CATALOGING SOURCE |
| Original cataloging agency |
DLC |
| Transcribing agency |
DLC |
| Modifying agency |
DLC |
| Language of cataloging |
eng |
| 041 1# - LANGUAGE CODE |
| Language code of text/sound track or separate title |
engfre |
| 050 10 - LIBRARY OF CONGRESS CALL NUMBER |
| Classification number |
R133 |
| Item number |
.F6913 1975 |
| 080 ## - UNIVERSAL DECIMAL CLASSIFICATION NUMBER |
| Universal Decimal Classification number |
1 |
| Item number |
F-81 |
| 082 00 - DEWEY DECIMAL CLASSIFICATION NUMBER |
| Classification number |
362.1/1 |
| 100 1# - MAIN ENTRY--PERSONAL NAME |
| Personal name |
Foucault, Michel, |
| Dates associated with a name |
1926-1984. |
| 240 10 - UNIFORM TITLE |
| Uniform title |
Naissance de la clinique. |
| Language of a work |
English |
| 245 14 - TITLE STATEMENT |
| Title |
The birth of the clinic; |
| Remainder of title |
an archaeology of medical perception. |
| Statement of responsibility, etc. |
Translated from the French by A.M. Sheridan Smith. |
| 260 ## - PUBLICATION, DISTRIBUTION, ETC. |
| Place of publication, distribution, etc. |
New York, |
| Name of publisher, distributor, etc. |
Vintage Books |
| Date of publication, distribution, etc. |
[1975, c1973] |
| 300 ## - PHYSICAL DESCRIPTION |
| Extent |
xix, 215 p. Index 17 p. |
| Dimensions |
19 cm. |
| 365 ## - TRADE PRICE |
| Price amount |
6.95 usd |
| 500 ## - GENERAL NOTE |
| General note |
Reprint of the ed. published by Pantheon Books, New York, in series: World of man. |
| 500 ## - GENERAL NOTE |
| General note |
Translation of Naissance de la clinique. |
| 504 ## - BIBLIOGRAPHY, ETC. NOTE |
| Bibliography, etc. note |
Bibliography: p. 201-209. |
| 650 #0 - SUBJECT ADDED ENTRY--TOPICAL TERM |
| Topical term or geographic name entry element |
Medicine |
| General subdivision |
History. |
| 650 #0 - SUBJECT ADDED ENTRY--TOPICAL TERM |
| Topical term or geographic name entry element |
Philosophy |
| 9 (RLIN) |
282 |
| 650 #0 - SUBJECT ADDED ENTRY--TOPICAL TERM |
| Topical term or geographic name entry element |
Medicine |
| General subdivision |
Philosophy. |
| 653 ## - INDEX TERM--UNCONTROLLED |
| Uncontrolled term |
ფილოსოფია |
| 653 ## - INDEX TERM--UNCONTROLLED |
| Uncontrolled term |
მედიცინა |
| 906 ## - LOCAL DATA ELEMENT F, LDF (RLIN) |
| a |
7 |
| b |
cbc |
| c |
orignew |
| d |
1 |
| e |
ocip |
| f |
19 |
| g |
y-gencatlg |
| 942 ## - ADDED ENTRY ELEMENTS (KOHA) |
| Source of classification or shelving scheme |
|
| Koha item type |
Books |